Statistiques concernant Personnages de Pokémons

Cliquez ici pour prendre le quiz!

Statistiques générales

  • Ce quiz a été pris 46 fois
  • Le résultat moyen est 6 sur 8

Statistiques - réponses

typechampiontypeElite 4maîtretypechampion% Correct
RochePierreGlaceOlgaRivalVolAlbert
97%
EauOndineCombatAldoInsecteHector
95%
ElekMajor bobSpectreAgathaNormalBlanche
89%
SolGiovanniDragonSandra
79%
PoisonKogaCombatChuck
79%
PsyMorganeAcierJasmine
79%
FeuAugusteGlaceFrédo
76%
PlanteEirikaDragonPeterSpectreMortimer
18%

Distribution des résultats

Percentile par nombre de réponses

% des personnes avec chaque résultat

Votre développement - résultats

Vous n’avez pas pris ce quiz